000
00285nam a22001217a 4500
008
170526b xxu||||| |||| 00| 0 eng d
041
_a
eng
080
_2
6TH
_a
621
100
_a
25
101
_a
IM
245
_a
PRINCIPLES OF DIRECT-CURRENT MACHINES
_c
LANGSDOFT, A.S
942
_2
udc
_c
BK
999
_c
14420
_d
14420